000 01651nam a22004577a 4500
003 CHAP
005 20220817042941.0
008 971013s1996 r 00010 d
010 _a60958
011 _a61930
035 _a66102
040 _cCHAP
090 _aTesis
100 0 0 _aBlancarte Garnica, María Guadalupe.
_913055
245 _aEvaluación dasométrica de seis especies en plantaciones forestales del ejido Mesa Cuata, Guanajuato, Guanajuato
260 _aChapingo, Méx. :
_bEl autor,
_c1996
300 _a79 h.
_b; gráfs.
502 _aTesis (Ing. Forestal con Orientación en Evaluación y Abastecimiento) -- UACH. Division de Ciencias Forestales
590 _aALEPH
_b10
_c20130110
_lUCH01
_h1340
590 _aBATCH-UPD
_b10
_c20130110
_lUCH01
_h0115
590 _aBATCH-UPD
_b10
_c20130110
_lUCH01
_h0710
590 _aBATCH-UPD
_b10
_c20130409
_lUCH01
_h2107
590 _aBATCH-UPD
_b10
_c20130410
_lUCH01
_h0446
590 _aBATCH-UPD
_b10
_c20130914
_lUCH01
_h0642
590 _aCONVERSION
_b10
_c20130109
_lUCH01
_h1333
650 1 4 _aBosques
_xInventarios.
_914240
650 1 4 _aBosques
_xValoración.
_914409
650 1 4 _aCasuarina.
_920466
650 1 4 _aCiprés
_xCrecimiento.
_923348
650 1 4 _aEucalipto.
650 1 4 _aPináceas
_xGuanajuato.
_988239
650 1 4 _aPinus halepensis.
_988339
650 1 4 _aPinus montezumae.
_988352
650 1 4 _aPinus radiata.
_988362
650 1 4 _aPlantación de árboles.
_988782
700 0 _aMoya García, Martín.
_979191
901 _aBK
942 _cFOLL
949 _bBC
_cTES
_d-151235
_eTS1
_h29165
_i66102
_si
949 _bBC
_cTES
_d33724000602884
_eTS2
_fc.2
_h29166
_i66102
_si
999 _c60958
_d60958